Effectuation and Valuation: Cannabis & Glass (Record no. 347537)
[ view plain ]
| 000 -LEADER | |
|---|---|
| fixed length control field | 00409nam a2200133Ia 4500 |
| 008 - FIXED-LENGTH DATA ELEMENTS--GENERAL INFORMATION | |
| fixed length control field | 171207s9999 xx 000 0 und d |
| 100 ## - MAIN ENTRY--PERSONAL NAME | |
| Personal name | Sugheir, Jeffry S. |
| 245 ## - TITLE STATEMENT | |
| Title | Effectuation and Valuation: Cannabis & Glass |
| 245 ## - TITLE STATEMENT | |
| Statement of responsibility, etc | Jeffrey S. Sugheir, Kent E. Neupert |
| 260 ## - PUBLICATION, DISTRIBUTION, ETC. (IMPRINT) | |
| Date of publication, distribution, etc | 2017 |
| 300 ## - PHYSICAL DESCRIPTION | |
| Extent | pages 102-22, March 2017 |
| 440 ## - SERIES STATEMENT/ADDED ENTRY--TITLE | |
| Title | The Journal of Entrepreneurship |
| Volume number/sequential designation | 26:1 |
| 650 ## - SUBJECT ADDED ENTRY--TOPICAL TERM | |
| Topical term or geographic name as entry element | CANNABIS INDUSTRY |
| Withdrawn status | Lost status | Damaged status | Home library | Current library | Date acquired | Total Checkouts | Date last seen | Price effective from | Koha item type |
|---|---|---|---|---|---|---|---|---|---|
| College Library | College Library | 12/07/2017 | 12/07/2017 | 12/07/2017 | Periodicals |